| 000 | 00690cam a22002293a 4500 | ||
|---|---|---|---|
| 001 | 42490 | ||
| 003 | PGUSA | ||
| 005 | 20140828083949.0 | ||
| 008 | 130408s2013||||xxu|||||s|||||000 | eng d | ||
| 040 |
_aPGUSA _beng |
||
| 042 | _adc | ||
| 050 | 4 | _aD501 | |
| 100 | 1 |
_aO'Brien, Pat, _d-1920 |
|
| 245 | 1 | 0 |
_aOutwitting the Hun : _bMy Escape from a German Prison Camp _h[electronic resource] / _cPat O'Brien |
| 260 |
_bProject Gutenberg, _c2013 |
||
| 506 | _aPublic domain in the USA. | ||
| 516 | _aElectronic text | ||
| 653 | _aWorld War, 1914-1918 -- Prisoners and prisons, German | ||
| 830 | 0 |
_aProject Gutenberg _v42490 |
|
| 856 | 4 | 0 | _uhttp://www.gutenberg.org/ebooks/42490 |
| 942 | _cEB | ||
| 999 |
_c271742 _d271742 |
||